=LDR 00000nam 2200000 4500 =001 INLIS000000000029136 =990 ##$$a 00054477 =005 20130612131408 =008 ***********************************Ind** =035 ##$$0010-061300000029136 =041 ##$$a Ind =082 ##$$a 346.08 =090 ##$$a 346.08, Asi p =100 ##$$a Asikin, Zainal =245 ##$$a Pokok-pokok perbankan di Indonesia, Zainal Asikin, SH =260 ##$$a 1995 $b jakarta =300 ##$$a x, 152 hlm, 21 cm =650 ##$$a Hukum Perbankan =850 ##$$a NBPNMAT